00716nam a2200181 a 450000100100000000500170001000800410002702000150006804000250008310000190010824000370012724501380016426000400030230000210034250000700036350400730043350400280050600004404920201002045120.0140514s1999 sp 000 0 spa d a842065445X aDO-SdBNPbspacBNPHU1 aBirkerts, Sven10aThe Gutenberg elegieslespañol10aElegía a Gutenberg :bel futuro de la lectura en la era electrónica /cSven Birkerts ; versión española de Daniel Manzanares. aMadrid :bAlianza Literaria,c1999. a295 p. ;c22 cm. aIncluye datos biográficos del autor en la solapa de la cubierta aIncluye referencias bibliográficas y notas al pie de las páginas aBibliografía : p. 295